[Event "ICS Rated standard match"]
[Site "204.178.125.65"]
[Date "2000.05.23"]
[Round "?"]
[White "QueenMaxima"]
[Black "Hossa"]
[Result "0-1"]
[WhiteElo "2275"]
[BlackElo "2302"]
[PlyCount "143"]
[EventDate "2000.??.??"]

1. e4 c5 2. Nf3 d6 3. d4 Nf6 4. Nc3 cxd4 5. Nxd4 Nc6 6. Bg5 e6 7. Qd2 a6 8.
O-O-O Be7 9. f4 Nxd4 10. Qxd4 O-O 11. Bxf6 Bxf6 12. Qxd6 Qa5 13. e5 Rd8 14. Qa3
Rxd1+ 15. Nxd1 Qxa3 16. bxa3 Be7 17. Kb2 b6 18. Nc3 Bb7 19. h4 Rd8 20. Rh3 h5
21. g3 Rc8 22. a4 Bb4 23. Nd1 Bf3 24. Ne3 Bc3+ 25. Kb1 Rd8 26. Rh2 Rd4 27. Rf2
Bc6 28. Bg2 Rb4+ 29. Kc1 Bd4 30. Kd2 Bxg2 31. Rxg2 Rxa4 32. Kd3 Bxe3 33. Kxe3
Rxa2 34. Kd3 Ra5 35. c3 Rd5+ 36. Ke4 Rc5 37. Kd4 a5 38. c4 Kh7 39. Rg1 Kg6 40.
Rb1 Rc6 41. Rg1 Kf5 42. Re1 Kg4 43. Re3 Kh3 44. Rf3 Kg2 45. Rb3 Kf2 46. Rd3 Ke2
47. Re3+ Kd2 48. Rf3 Kc2 49. Rf1 Rc7 50. Rf3 a4 51. Ra3 Rd7+ 52. Ke3 Ra7 53.
Kd4 Kb2 54. Re3 a3 55. Re2+ Kb3 56. Re3+ Kb4 57. Re1 a2 58. Ra1 Kb3 59. f5 exf5
60. Kd5 Rd7+ 61. Kc6 Rd3 62. Re1 Rxg3 63. Kxb6 Kxc4 64. Ra1 Kb3 65. Re1 Rh3 66.
Kc7 Rh2 67. Kd7 Rxh4 68. Ke7 Re4 69. Rf1 Rxe5+ 70. Kxf7 Rc5 71. Kg6 Kb2 72.
Kxh5 {QueenMaxima resigns} 0-1

[Event "ICS Rated blitz match"]
[Site "204.178.125.65"]
[Date "2000.05.23"]
[Round "?"]
[White "Hossa"]
[Black "Joorge"]
[Result "1-0"]
[WhiteElo "2478"]
[BlackElo "2474"]
[PlyCount "55"]
[EventDate "2000.??.??"]

1. e4 e6 2. Nc3 d5 3. exd5 exd5 4. Nf3 Nf6 5. d4 Be7 6. Be2 O-O 7. O-O Bf5 8.
Bf4 Nbd7 9. Re1 c6 10. Bd3 Bg6 11. Bxg6 hxg6 12. Ng5 Re8 13. Qd2 Nf8 14. g3 Nh5
15. Be3 Qd7 16. Kg2 Bf6 17. Nf3 Nh7 18. Rac1 Re7 19. h3 g5 20. g4 Nf4+ 21. Bxf4
gxf4 22. Qxf4 g6 23. Rxe7 Qxe7 24. Re1 Qb4 25. g5 Bg7 26. Nd1 Nf8 27. c3 Qa4
28. Re7 {Joorge resigns} 1-0

[Event "ICS rated standard match"]
[Site "204.178.125.65"]
[Date "2000.05.23"]
[Round "?"]
[White "Hossa"]
[Black "QueenMaxima"]
[Result "1-0"]
[WhiteElo "2320"]
[BlackElo "2260"]
[PlyCount "147"]
[EventDate "2000.??.??"]

1. e4 c5 2. Nf3 d6 3. d4 cxd4 4. Nxd4 Nf6 5. Nc3 g6 6. Be2 Nc6 7. Nxc6 bxc6 8.
Be3 Bg7 9. e5 dxe5 10. Qxd8+ Kxd8 11. Bc4 Ke8 12. O-O-O a5 13. Na4 h5 14. Kb1
Bf5 15. f3 e6 16. Rhe1 Nd5 17. Bd2 f6 18. h3 g5 19. g4 hxg4 20. hxg4 Bg6 21.
Nc5 Kf7 22. Nb7 Rh2 23. a4 Bf8 24. Re2 Rxe2 25. Bxe2 Bb4 26. Bc4 Rb8 27. Nxa5
Bxa5 28. Bxa5 Bxc2+ 29. Kxc2 Ne3+ 30. Kc1 Nxc4 31. Bc3 Nb6 32. a5 Nd5 33. Bd2
Rb3 34. Rf1 c5 35. Kc2 Rb7 36. Rh1 Kg7 37. b3 Kg6 38. Rh8 Ne7 39. Ra8 Nc6 40.
Bc3 Rd7 41. Rc8 Nd4+ 42. Bxd4 cxd4 43. b4 Ra7 44. Rg8+ Kf7 45. Rh8 Kg7 46. Re8
Ra6 47. Kb3 Rd6 48. Kb2 Kf7 49. Rc8 f5 50. Kb3 d3 51. Rc7+ Kf6 52. Rc1 d2 53.
Rd1 fxg4 54. b5 gxf3 55. a6 Rd3+ 56. Kb4 Rd4+ 57. Kc5 g4 58. b6 Rd3 59. a7 Rc3+
60. Kb4 Rc1 61. Rxd2 Ra1 62. b7 Rxa7 63. b8=Q Ra1 64. Qf8+ Kg5 65. Rd6 Rb1+ 66.
Kc3 Rc1+ 67. Kd2 Rb1 68. Rxe6 Kh4 69. Qh8+ Kg3 70. Qxe5+ Kh3 71. Rh6+ Kg2 72.
Rh2+ Kg1 73. Qg3+ Kf1 74. Rh1# 1-0

[Event "ICS rated standard match"]
[Site "204.178.125.65"]
[Date "2000.05.24"]
[Round "?"]
[White "Hossa"]
[Black "putte"]
[Result "1-0"]
[WhiteElo "2319"]
[BlackElo "2270"]
[PlyCount "111"]
[EventDate "2000.??.??"]

1. e4 e5 2. Nf3 Nc6 3. d4 exd4 4. Nxd4 Nf6 5. Nc3 Bb4 6. Nxc6 bxc6 7. Bd3 d5 8.
exd5 cxd5 9. Qe2+ Qe7 10. Qxe7+ Kxe7 11. Bd2 Bxc3 12. Bxc3 c6 13. Bb4+ Kd8 14.
O-O-O Be6 15. Rd2 Kc7 16. Bc3 Nd7 17. Bxg7 Rhg8 18. Bc3 Rxg2 19. Bxh7 c5 20. h4
Rg4 21. Kb1 Kb6 22. Rdd1 d4 23. f3 Rf4 24. Bd2 Rh8 25. Bxf4 Rxh7 26. Rd3 Nf6
27. Bg5 Nd5 28. Rdd1 Kc6 29. h5 Bf5 30. Bd2 f6 31. Rh4 Be6 32. Re1 Bf5 33. Kc1
a6 34. b3 Kd7 35. Kd1 Ne7 36. h6 Nd5 37. Rh5 Be6 38. a4 Kd6 39. Kc1 Ne7 40.
Bf4+ Kd7 41. Rxc5 Nd5 42. Bd2 Kd6 43. Rc4 d3 44. cxd3 f5 45. Bg5 a5 46. Bd2 Bd7
47. Rh4 Be6 48. Bxa5 Nf6 49. Bc3 Ng8 50. Bb4+ Kd5 51. Rc4 Rxh6 52. f4 Rh1 53.
Rxh1 Nf6 54. Re1 Ne4 55. dxe4+ fxe4 56. Rd1# {putte checkmated} 1-0

[Event "ICS rated standard match"]
[Site "204.178.125.65"]
[Date "2000.05.24"]
[Round "?"]
[White "Tiger450"]
[Black "Hossa"]
[Result "1-0"]
[WhiteElo "2606"]
[BlackElo "2331"]
[PlyCount "59"]
[EventDate "2000.??.??"]

1. d4 d5 2. c4 e6 3. Nc3 c6 4. e4 dxe4 5. Nxe4 Bb4+ 6. Bd2 Qxd4 7. Bxb4 Qxe4+
8. Be2 Qxg2 9. Qd6 Nd7 10. O-O-O Qxf2 11. Bh5 Qe3+ 12. Kb1 Qe4+ 13. Ka1 g6 14.
Nf3 Qf5 15. Rhe1 Qxh5 16. Ne5 Qxh2 17. Qc7 Qxe5 18. Rxe5 h5 19. Re4 Rh7 20. Bc5
h4 21. Rxd7 Bxd7 22. Qd6 Kd8 23. Qf8+ Kc7 24. Bd6+ Kb6 25. Qxa8 Rh5 26. c5+
Rxc5 27. Rb4+ Ka5 28. Qxa7+ Kxb4 29. Qxc5+ Ka4 30. Qb4# {Hossa checkmated} 1-0

[Event "ICS rated blitz match"]
[Site "204.178.125.65"]
[Date "2000.05.24"]
[Round "?"]
[White "PostModernist"]
[Black "Hossa"]
[Result "1-0"]
[WhiteElo "2604"]
[BlackElo "2471"]
[PlyCount "149"]
[EventDate "2000.??.??"]

1. d4 d5 2. Nf3 Bf5 3. c4 e6 4. e3 Nf6 5. Nc3 Nc6 6. c5 Ne4 7. Bb5 f6 8. Bxc6+
bxc6 9. Nh4 Nxc3 10. bxc3 Be7 11. Nxf5 exf5 12. Qh5+ g6 13. Qh6 Bf8 14. Qh3 Bg7
15. O-O O-O 16. Bb2 Rb8 17. Rfb1 Re8 18. Qg3 Re4 19. Qf3 Qe8 20. Bc1 f4 21. Rb3
f5 22. h3 Rb5 23. exf4 Re1+ 24. Kh2 Rxb3 25. axb3 Qb8 26. b4 Qe8 27. Bb2 Re2
28. Ba3 Re4 29. Ra2 Re1 30. Bb2 Re2 31. h4 Qe7 32. g3 Qe6 33. Kg1 Qe8 34. Qd3
Qe6 35. Kf1 Re1+ 36. Kg2 Re2 37. Kf3 Re4 38. Rxa7 Qe7 39. Kg2 Re1 40. h5 Bf8
41. c4 Qe2 42. Qxe2 Rxe2 43. Bc3 dxc4 44. hxg6 hxg6 45. Rxc7 Rc2 46. Rxc6 Rxc3
47. Rxg6+ Kf7 48. c6 Ra3 49. c7 Ra8 50. Rc6 Rc8 51. b5 Bb4 52. b6 Ba5 53. b7
Rxc7 54. b8=Q Rxc6 55. Qa7+ Kf6 56. Qxa5 Ke7 57. Qe5+ Kd8 58. d5 Rc7 59. Qf6+
Kc8 60. Qxf5+ Rd7 61. d6 c3 62. Qe6 c2 63. Qe8+ Rd8 64. Qc6+ Kb8 65. Qc7+ Ka8
66. Qxd8+ Kb7 67. Qc7+ Ka6 68. Qxc2 Kb6 69. d7 Ka6 70. Qc4+ Kb7 71. Qc8+ Kb6
72. d8=Q+ Kb5 73. Qb7+ Kc4 74. Qdd5+ Kc3 75. Qbb3# {Hossa checkmated} 1-0

[Event "ICS rated blitz match"]
[Site "204.178.125.65"]
[Date "2000.05.24"]
[Round "?"]
[White "Hossa"]
[Black "PostModernist"]
[Result "0-1"]
[WhiteElo "2461"]
[BlackElo "2619"]
[PlyCount "122"]
[EventDate "2000.??.??"]

1. d4 Nf6 2. c4 g6 3. Nf3 Bg7 4. Nc3 O-O 5. e4 c6 6. e5 Ne8 7. h4 d6 8. h5 Bg4
9. hxg6 fxg6 10. Qb3 Bxf3 11. Qxb7 Nc7 12. gxf3 dxe5 13. d5 cxd5 14. Nxd5 Nba6
15. Nxc7 Nxc7 16. c5 e6 17. Bh3 Rf7 18. Be3 Rb8 19. Qxa7 Rxb2 20. Rd1 Qf6 21.
f4 Qe7 22. Bc1 Rc2 23. Ba3 Qe8 24. Rb1 Qc6 25. Rb8+ Bf8 26. Qb7 Qa4 27. Qb4
Rxf4 28. Qxa4 Rxa4 29. Kd1 Rxa2 30. Bc1 Rxf2 31. Rf1 Rxf1+ 32. Bxf1 Ra8 33.
Rxa8 Nxa8 34. Be3 Nc7 35. c6 Kg7 36. Ba7 Bd6 37. Bb8 Kf6 38. Bxc7 Bxc7 39. Bd3
Kg5 40. Kd2 Kf4 41. Bc4 Kf5 42. Kc3 h5 43. Bd3+ e4 44. Bf1 g5 45. Kd4 Kf4 46.
Kc3 h4 47. Kc4 Kf3 48. Kb5 e3 49. Ka6 e2 50. Bxe2+ Kxe2 51. Kb7 Bf4 52. Kc8 h3
53. Kb7 h2 54. Kc8 h1=Q 55. Kd8 Qh7 56. c7 Qxc7+ 57. Ke8 Qh7 58. Kd8 Bc7+ 59.
Ke8 Bd6 60. Kd8 Qe7+ 61. Kc8 Qc7# {Hossa checkmated} 0-1

[Event "ICS rated blitz match"]
[Site "204.178.125.65"]
[Date "2000.05.24"]
[Round "?"]
[White "QueenMaxima"]
[Black "Hossa"]
[Result "1/2-1/2"]
[WhiteElo "2502"]
[BlackElo "2452"]
[PlyCount "155"]
[EventDate "2000.??.??"]

1. e4 c5 2. Nf3 d6 3. d4 Nf6 4. Nc3 cxd4 5. Nxd4 Nc6 6. Bg5 e6 7. Qd2 a6 8.
O-O-O Be7 9. f4 Nxd4 10. Qxd4 O-O 11. Bxf6 Bxf6 12. Qxd6 Qa5 13. Qd3 Bxc3 14.
Qxc3 Qxa2 15. Bc4 Qa1+ 16. Kd2 Qa4 17. Rhe1 Qd7+ 18. Ke3 Qc7 19. Qb4 e5 20.
fxe5 a5 21. Qb5 Ra6 22. Rf1 Be6 23. Bd3 Rfa8 24. Ra1 Rb6 25. Rxa5 Rc8 26. Qa4
Rxb2 27. Ra1 b6 28. Ra8 Rxa8 29. Qxa8+ Bc8 30. Qd5 h6 31. Qd4 Rxc2 32. Bxc2
Qxc2 33. h4 b5 34. Rd1 Bg4 35. Rd2 Qc1 36. Kf2 Kh7 37. Kg3 h5 38. Kh2 Qe1 39.
Rf2 Be6 40. Qd2 Qxe4 41. Qf4 Qe1 42. Rb2 Bc4 43. Qf5+ g6 44. Qf6 Qe3 45. Rc2
Qe1 46. Qf4 Bd5 47. Rc5 Bc4 48. Qf6 Qf1 49. Rc8 Qxf6 50. exf6 Bf1 51. Rd8 Bc4
52. Re8 Bd5 53. Rd8 Bc4 54. Kg1 g5 55. hxg5 Kg6 56. Rg8+ Kf5 57. Kh2 b4 58. Kg3
b3 59. Kh4 Ke5 60. Kxh5 Kd4 61. Rb8 Ke5 62. Ra8 Kd4 63. Kh4 b2 64. Rb8 Kc3 65.
g6 fxg6 66. Kg5 Bb3 67. Rxb3+ Kxb3 68. f7 Kc3 69. f8=Q b1=Q 70. Qf6+ Kc4 71.
Qc6+ Kd4 72. Qxg6 Qc1+ 73. Kg4 Qd1+ 74. Kg3 Qe1+ 75. Kf3 Qf1+ 76. Kg4 Qxg2+ 77.
Kh5 Qxg6+ 78. Kxg6 1/2-1/2

[Event "ICS rated blitz match"]
[Site "204.178.125.65"]
[Date "2000.05.24"]
[Round "?"]
[White "AnatKarp"]
[Black "Hossa"]
[Result "0-1"]
[WhiteElo "2510"]
[BlackElo "2454"]
[PlyCount "122"]
[EventDate "2000.??.??"]

1. e4 c5 2. Nc3 e6 3. Nf3 a6 4. Be2 Nc6 5. O-O Nf6 6. d3 d6 7. d4 cxd4 8. Nxd4
Be7 9. Nxc6 bxc6 10. Bd3 O-O 11. Be3 e5 12. Rb1 Be6 13. Qf3 d5 14. Bd2 Bb4 15.
a3 Ba5 16. b4 Bb6 17. Rfe1 Bd4 18. h3 Qd6 19. Rbd1 Rfd8 20. Qg3 Qc7 21. exd5
cxd5 22. Bg5 Kh8 23. Qh4 e4 24. Nxe4 dxe4 25. Bxe4 Nxe4 26. Bxd8 Rxd8 27. Qxe4
Qb6 28. Qh4 Bf6 29. Qg3 Rc8 30. Rd6 Qb5 31. Red1 Kg8 32. Qe3 Re8 33. Qf3 Bc4
34. Qc6 Qxc6 35. Rxc6 Bb5 36. Rc5 Bb2 37. c4 Ba4 38. Rd3 Kf8 39. f3 Be5 40. Kf2
Bc2 41. Rdd5 Bc3 42. g3 Be1+ 43. Kg2 Re2+ 44. Kf1 Re6 45. g4 Bg3 46. Rd2 Ba4
47. Ra5 Bb3 48. Kg2 Bf4 49. Rd8+ Ke7 50. Rc8 Kd7 51. Rac5 Re2+ 52. Kf1 Rc2 53.
R5c6 Rc1+ 54. Kf2 Bd1 55. Rc5 Rc2+ 56. Kf1 Bxf3 57. h4 Bg3 58. R5c7+ Bxc7 59.
Rg8 Bg3 60. Rd8+ Kxd8 61. Kg1 Rc1# {AnatKarp checkmated} 0-1

[Event "ICS rated blitz match"]
[Site "204.178.125.65"]
[Date "2000.05.24"]
[Round "?"]
[White "Hossa"]
[Black "Gatling"]
[Result "0-1"]
[WhiteElo "2473"]
[BlackElo "2830"]
[PlyCount "112"]
[EventDate "2000.??.??"]

1. e4 c5 2. Nf3 d6 3. d4 cxd4 4. Nxd4 Nf6 5. Nc3 e6 6. f4 Nc6 7. Be3 Be7 8. Qe2
e5 9. fxe5 dxe5 10. Nxc6 bxc6 11. Qd3 Qxd3 12. cxd3 Ng4 13. Bd2 Rb8 14. Na4 Bb4
15. Bxb4 Rxb4 16. b3 f5 17. exf5 O-O 18. Nc5 Rxf5 19. Ne4 Ba6 20. Nc5 Bb7 21.
a3 Rb6 22. Ra2 Bc8 23. b4 a5 24. Be2 Ne3 25. g4 Rf4 26. Kd2 Nxg4 27. bxa5 Rb5
28. Ne4 Rd5 29. h3 Rxe4 30. hxg4 Bxg4 31. Bd1 Bxd1 32. Rxd1 Ra4 33. Rc1 e4 34.
Rxc6 Rxd3+ 35. Ke1 Rxa5 36. a4 Re3+ 37. Kf2 Rf3+ 38. Ke1 h6 39. Rc4 e3 40. Rg2
Raf5 41. Rgg4 Rf2 42. Rge4 Ra2 43. Re8+ Kh7 44. Rcc8 Rg5 45. Rh8+ Kg6 46. Rhf8
Rg1+ 47. Rf1 Rgg2 48. Rd8 e2 49. Rd6+ Kh7 50. Rh1 Ra1+ 51. Kd2 e1=Q+ 52. Kd3
Qe2+ 53. Kc3 Qc2+ 54. Kd4 Rxa4+ 55. Kd5 Qc4+ 56. Ke5 Rg5# {Hossa checkmated}
0-1

[Event "ICS rated blitz match"]
[Site "204.178.125.65"]
[Date "2000.05.24"]
[Round "?"]
[White "Hossa"]
[Black "QueenMaxima"]
[Result "1-0"]
[WhiteElo "2470"]
[BlackElo "2500"]
[PlyCount "173"]
[EventDate "2000.??.??"]

1. e4 c5 2. Nf3 Nc6 3. d4 cxd4 4. Nxd4 g6 5. Nc3 Bg7 6. Be3 Nf6 7. Bc4 O-O 8.
Bb3 d6 9. f3 Bd7 10. Qd2 Qa5 11. Nxc6 Bxc6 12. O-O Rfd8 13. Rad1 Rac8 14. Rf2
Qe5 15. Bxa7 Qa5 16. Be3 Rd7 17. Bh6 Ne8 18. Bxg7 Kxg7 19. f4 Nf6 20. f5 Qc5
21. fxg6 hxg6 22. Qf4 Qe5 23. Qxe5 dxe5 24. Rxd7 Bxd7 25. Bd5 Bc6 26. Bxc6 Rxc6
27. Rf3 Rc4 28. b3 Rc8 29. Rd3 Nh5 30. g3 f5 31. exf5 gxf5 32. Nd5 Rxc2 33.
Nxe7 Kf6 34. Rd7 Rxa2 35. Rxb7 Ra1+ 36. Kg2 Ra2+ 37. Kh3 Rd2 38. b4 Ng7 39.
Ng8+ Kg6 40. Rb6+ Kh5 41. Ne7 Rd7 42. Ng6 Rd5 43. Kg2 Rd2+ 44. Kf3 Rd3+ 45. Kf2
Rd2+ 46. Ke3 Rd5 47. Ke2 Rd4 48. h3 Rc4 49. Ne7 f4 50. Rg6 Re4+ 51. Kf1 Ne8 52.
Rg8 Nd6 53. Nd5 Rd4 54. Nf6+ Kh6 55. g4 Ne4 56. g5+ Nxg5 57. Ng4+ Kh5 58. Nxe5
Nh7 59. b5 Rd1+ 60. Ke2 Rd5 61. Nd3 f3+ 62. Ke3 Kh6 63. Nf4 Rd6 64. Kxf3 Ng5+
65. Kg4 Ne4 66. Kf5 Nc3 67. Rb8 Rd2 68. b6 Rb2 69. b7 Rb5+ 70. Kg4 Kh7 71. Rc8
Rxb7 72. Rxc3 Rg7+ 73. Kf5 Ra7 74. h4 Rb7 75. Nd5 Kh6 76. Rc6+ Kh5 77. Rc4 Rb3
78. Re4 Rf3+ 79. Ke6 Kh6 80. Re5 Kh7 81. Nf6+ Kh6 82. Kf7 Rf5 83. Re8 Rxf6+ 84.
Kxf6 Kh5 85. Kf5 Kh6 86. Re7 Kh5 87. Rh7# 1-0

[Event "ICS rated blitz match"]
[Site "204.178.125.65"]
[Date "2000.05.24"]
[Round "?"]
[White "QueenMaxima"]
[Black "Hossa"]
[Result "1/2-1/2"]
[WhiteElo "2483"]
[BlackElo "2487"]
[PlyCount "293"]
[EventDate "2000.??.??"]

1. e4 c5 2. Nf3 d6 3. d4 cxd4 4. Nxd4 Nf6 5. Nc3 e6 6. Be2 a6 7. O-O Be7 8. f4
Nbd7 9. Kh1 O-O 10. Be3 Nc5 11. e5 Nfe4 12. Nxe4 Nxe4 13. exd6 Nxd6 14. Qd3 Bd7
15. Bf2 Qc7 16. Rad1 Rad8 17. Qb3 Ne4 18. Bg1 Bc5 19. Bf3 Bxd4 20. Rxd4 Bb5 21.
Rfd1 Rxd4 22. Rxd4 Nd6 23. Qb4 Nf5 24. Rd2 Nh4 25. Bg4 Rd8 26. Bf2 Rxd2 27.
Qxd2 Ng6 28. f5 Nf8 29. fxe6 Nxe6 30. a3 Qc4 31. Bh5 Qf1+ 32. Bg1 Bc6 33. Bg4
Qf4 34. Qxf4 Nxf4 35. Bf3 Bxf3 36. gxf3 b5 37. Be3 Nd5 38. Bd4 a5 39. Kg2 h5
40. Kg3 g5 41. a4 bxa4 42. c4 Ne7 43. Bf6 Nf5+ 44. Kf2 g4 45. c5 Kf8 46. c6 Ke8
47. Ke2 Ne7 48. c7 Nc8 49. fxg4 hxg4 50. Bc3 Kd7 51. Ke3 Ne7 52. Bxa5 f5 53.
Kf4 Ke6 54. Kg5 Ke5 55. Bb4 Nc8 56. Ba3 Nb6 57. Bc5 Nc8 58. Bb4 Nb6 59. Kh4 Kf4
60. Bd2+ Ke4 61. Kg3 Nc8 62. Bf4 Kd4 63. h3 gxh3 64. Kxh3 Ke4 65. Kg3 Kd5 66.
Kf3 Kc6 67. Ke3 Nb6 68. Kd4 Kd7 69. Bh2 Na8 70. Kd5 Nxc7+ 71. Ke5 Kc6 72. Kxf5
Nb5 73. Bg3 Kd5 74. Bf4 Nd4+ 75. Kf6 Ne2 76. Be5 Ng1 77. Kf5 Nf3 78. Bf6 Nd4+
79. Kg5 Nc6 80. Kf4 Nb4 81. Kf3 Ke6 82. Bg7 Nc6 83. Ke4 Kd7 84. Kd5 Ne7+ 85.
Kc4 Nf5 86. Be5 Ne3+ 87. Kb5 Nd1 88. Bd4 Nxb2 89. Bxb2 Ke6 90. Kc5 Kf5 91. Kd5
Kg4 92. Ke4 Kh3 93. Kf4 Kg2 94. Bd4 Kh1 95. Kf3 a3 96. Bc3 a2 97. Ba1 Kh2 98.
Ke4 Kh3 99. Kd5 Kg4 100. Ke5 Kh4 101. Kf4 Kh5 102. Kf5 Kh6 103. Ke4 Kh7 104.
Ke5 Kg8 105. Kd5 Kh7 106. Ke4 Kg8 107. Kd4 Kh7 108. Kd3 Kg8 109. Ke2 Kh7 110.
Kf3 Kg8 111. Kf4 Kh7 112. Kg5 Kg8 113. Kg6 Kf8 114. Kf5 Kg8 115. Ke5 Kh7 116.
Kd5 Kg8 117. Kd6 Kh7 118. Kc6 Kg8 119. Kc7 Kh7 120. Kd6 Kg8 121. Ke7 Kh7 122.
Ke6 Kg8 123. Kf6 Kh7 124. Kf7 Kh6 125. Ke6 Kh7 126. Kd7 Kg8 127. Ke8 Kh7 128.
Ke7 Kg8 129. Kd7 Kh7 130. Ke8 Kg8 131. Kd8 Kh7 132. Kc7 Kg8 133. Kc6 Kh7 134.
Kb5 Kg8 135. Kc4 Kh7 136. Kc5 Kg8 137. Kb5 Kh7 138. Kc4 Kg8 139. Kc3 Kh7 140.
Kd2 Kg8 141. Kd3 Kh7 142. Ke3 Kg8 143. Kf3 Kh7 144. Kf4 Kg8 145. Ke3 Kh7 146.
Bb2 Kg8 147. Ba3 1/2-1/2

[Event "ICS rated standard match"]
[Site "204.178.125.65"]
[Date "2000.05.24"]
[Round "?"]
[White "josechess"]
[Black "Hossa"]
[Result "1-0"]
[WhiteElo "2388"]
[BlackElo "2342"]
[PlyCount "145"]
[EventDate "2000.??.??"]

1. Nf3 Nf6 2. b3 d5 3. Bb2 Nc6 4. e3 Bg4 5. Be2 e6 6. Ne5 Bxe2 7. Qxe2 Nxe5 8.
Bxe5 Nd7 9. Bb2 Be7 10. O-O O-O 11. d3 Bf6 12. Bxf6 Qxf6 13. Nd2 c5 14. c4 g6
15. Nf3 Ne5 16. Nxe5 Qxe5 17. Rfd1 d4 18. Qb2 Rfd8 19. e4 Qd6 20. Re1 e5 21. a3
a5 22. h4 Qe7 23. g3 Qe6 24. Qe2 a4 25. bxa4 Rxa4 26. Rab1 Qa6 27. Rb5 Rxa3 28.
Rxc5 Ra2 29. Qf3 Qd6 30. Rb5 Qe7 31. Reb1 Rb8 32. h5 Rd2 33. Kg2 Ra2 34. Rb6
Rd2 35. h6 Kf8 36. c5 Ra2 37. c6 Raa8 38. Rxb7 Rxb7 39. Rxb7 Qe6 40. c7 Rc8 41.
Qd1 Qc6 42. Qb3 Rxc7 43. Rb8+ Ke7 44. Qa3+ Qc5 45. Qa8 Ra7 46. Re8+ Kd6 47.
Qd8+ Rd7 48. Qf6+ Kc7 49. Rxe5 Qd6 50. Qxd6+ Kxd6 51. Rd5+ Kc6 52. Rxd7 Kxd7
53. f4 Kd6 54. Kf3 Kc5 55. e5 Kd5 56. Kg4 Ke6 57. Kg5 Ke7 58. f5 Kf8 59. Kf6
gxf5 60. Kxf5 Ke7 61. g4 Kd7 62. Kf6 Kc6 63. Kxf7 Kd5 64. e6 Ke5 65. e7 Kf4 66.
e8=Q Kf3 67. Qe4+ Kf2 68. Qxh7 Kg1 69. Qe4 Kf1 70. h7 Kf2 71. h8=Q Kg3 72. Qhh1
Kf2 73. Qhg2# {Hossa checkmated} 1-0

[Event "ICS rated blitz match"]
[Site "204.178.125.65"]
[Date "2000.05.24"]
[Round "?"]
[White "QueenMaxima"]
[Black "Hossa"]
[Result "1/2-1/2"]
[WhiteElo "2468"]
[BlackElo "2487"]
[PlyCount "80"]
[EventDate "2000.??.??"]

1. d4 Nf6 2. c4 g6 3. Nc3 d6 4. Nf3 Bg7 5. g3 Nbd7 6. Bg2 Nb6 7. O-O O-O 8. c5
dxc5 9. dxc5 Nbd5 10. Nxd5 Nxd5 11. Qb3 c6 12. Bg5 a5 13. Rfd1 a4 14. Qa3 h6
15. Bf4 Bf5 16. Be5 f6 17. Bc3 e5 18. Nh4 e4 19. Rd4 Qe7 20. g4 Nf4 21. gxf5
Nxe2+ 22. Kh1 Nxd4 23. Bxd4 Qd7 24. Rd1 g5 25. Ng6 Rfe8 26. Bh3 Qd5 27. Qe3
Qxa2 28. Bg2 a3 29. bxa3 Qxa3 30. Re1 Qxe3 31. fxe3 h5 32. Rb1 Ra7 33. Rb3 Kh7
34. Rb6 Kh6 35. Kg1 Kh7 36. Rb4 Kh6 37. Rb6 Kh7 38. Rb4 Kh6 39. Rb6 Kh7 40. Rb4
Kh6 1/2-1/2

[Event "ICS Rated standard match"]
[Site "204.178.125.65"]
[Date "2000.05.24"]
[Round "?"]
[White "Hossa"]
[Black "QueenMaxima"]
[Result "0-1"]
[WhiteElo "2328"]
[BlackElo "2227"]
[PlyCount "124"]
[EventDate "2000.??.??"]

1. Nf3 Nf6 2. b3 g6 3. c4 Bg7 4. d4 d6 5. Nc3 O-O 6. e3 c5 7. Bb2 cxd4 8. exd4
Qa5 9. a3 Ne4 10. b4 Nxc3 11. Bxc3 Qc7 12. Rc1 Bg4 13. Be2 h6 14. O-O Nd7 15.
Re1 Nf6 16. d5 Rfc8 17. Bxf6 Bxf6 18. Nd4 Bxe2 19. Rxe2 Qb6 20. Nf3 Rc7 21. Re4
Rac8 22. Qd3 Qa6 23. Rc2 Kh7 24. g3 Qb6 25. Rc1 Qa6 26. Ne1 Kg7 27. Rc2 Qa4 28.
Qe3 a5 29. Qd2 Qxa3 30. bxa5 Qa4 31. a6 bxa6 32. Ra2 Qb3 33. Rxa6 Rxc4 34. Re3
Qb7 35. Ra2 Rd4 36. Rd3 Qxd5 37. Raa3 Rb8 38. Qd1 Rb2 39. Nf3 Rxd3 40. Rxd3 Qb5
41. Qf1 Qc5 42. Rd1 d5 43. Rc1 Qa3 44. Qd1 Qa2 45. Qf1 e5 46. Ra1 Qb3 47. Nh4
e4 48. Re1 Bc3 49. Rc1 Bd4 50. Kh1 Bxf2 51. Ra1 d4 52. Ng2 e3 53. Rc1 Qd5 54.
Qd1 d3 55. Qa4 e2 56. Qa1 Qb3 57. Rg1 d2 58. Qe1 dxe1=Q 59. Rxe1 Rb1 60. Rxb1
Qxb1+ 61. Ne1 Qb7+ 62. Nf3 Qxf3# {Hossa checkmated} 0-1

[Event "ICS rated standard match"]
[Site "204.178.125.65"]
[Date "2000.05.24"]
[Round "?"]
[White "Hossa"]
[Black "PostModernist"]
[Result "1-0"]
[WhiteElo "2307"]
[BlackElo "2415"]
[PlyCount "166"]
[EventDate "2000.??.??"]

1. e4 c5 2. Nf3 d6 3. d4 Nf6 4. Nc3 cxd4 5. Nxd4 Nc6 6. Bg5 Bd7 7. Be2 a6 8.
O-O e6 9. Nf3 Be7 10. Qd2 h6 11. Bf4 e5 12. Bg3 Nh5 13. Rad1 Be6 14. a3 Nxg3
15. hxg3 O-O 16. Nd5 Rc8 17. Qe3 Qe8 18. Nb6 Rd8 19. Bc4 Bxc4 20. Nxc4 f6 21.
Qd3 Kh8 22. Ne3 Rd7 23. Rd2 Qh5 24. Rfd1 Rc8 25. c3 Qe8 26. Nh4 Bf8 27. Nc4
Rcd8 28. Nb6 Re7 29. Qe2 Re6 30. Qg4 Kg8 31. Nd5 Rd7 32. b3 Qf7 33. a4 Na5 34.
Rb2 Nc6 35. Rd3 a5 36. Rb1 Nb8 37. Ng6 Na6 38. Rd2 Nc5 39. f3 Re8 40. Qf5 Rdd8
41. g4 Rb8 42. c4 Ne6 43. Rbd1 Nd4 44. Rxd4 exd4 45. Rxd4 Rbc8 46. Rd2 Rc5 47.
Re2 Ra8 48. g3 Re8 49. f4 Re6 50. Re1 Rc8 51. Re3 Rc6 52. Kg2 Rc5 53. Re1 Rc8
54. Re2 Ree8 55. Kf1 Rcd8 56. Re1 Ra8 57. Kg1 Rac8 58. Re2 Rc6 59. Qh5 Kh7 60.
f5 Kg8 61. Qh4 b6 62. Ngf4 Qa7 63. Re3 Ra8 64. Qh2 Be7 65. Ne6 Rb8 66. Rd3 Bf8
67. Qf2 Qf7 68. Rd1 Kh8 69. Ndf4 Kh7 70. Ng6 Be7 71. Qf3 Rbc8 72. Qd3 Qe8 73.
Qd5 h5 74. gxh5 Kh6 75. Re1 Kh7 76. Rf1 b5 77. axb5 Rb6 78. Ra1 Rcb8 79. Rxa5
R8b7 80. Ra6 Kh6 81. Nc7 Rxc7 82. Rxb6 Ra7 83. Ra6 Qb8 1-0

[Event "ICS rated standard match"]
[Site "204.178.125.65"]
[Date "2000.05.24"]
[Round "?"]
[White "QueenMaxima"]
[Black "Hossa"]
[Result "1-0"]
[WhiteElo "2251"]
[BlackElo "2328"]
[PlyCount "118"]
[EventDate "2000.??.??"]

1. e4 c5 2. Nf3 d6 3. d4 cxd4 4. Nxd4 Nf6 5. Nc3 e6 6. g4 e5 7. Bb5+ Bd7 8.
Bxd7+ Nbxd7 9. Nf5 h6 10. Nxd6+ Bxd6 11. Qxd6 Nxg4 12. Rg1 Nxh2 13. Qd3 h5 14.
Bg5 f6 15. Bd2 Ng4 16. Qh3 f5 17. exf5 Ndf6 18. f3 Qb6 19. Rxg4 Nxg4 20. fxg4
Qg1+ 21. Qf1 Qg3+ 22. Qf2 Qxg4 23. Nd1 Qd4 24. Qxd4 exd4 25. c3 Rd8 26. cxd4
Rxd4 27. Ne3 h4 28. Bc3 Rd7 29. Kf2 Rh5 30. Kf3 h3 31. Kg4 Rh6 32. Rh1 b5 33.
Kg5 Rh8 34. Ng4 b4 35. Bxb4 Rc7 36. Bc3 Kf8 37. Nf2 Rd7 38. Rxh3 Rxh3 39. Nxh3
Rd1 40. Kf4 Kg8 41. Ng5 Rg1 42. Bd4 Rf1+ 43. Kg4 a6 44. Ne6 Re1 45. Kg5 Kf7 46.
Nxg7 Re4 47. Ne6 Rxe6 48. fxe6+ Kxe6 49. a3 Kd5 50. Bc3 Ke6 51. Ba5 Ke5 52. b4
Kd5 53. a4 Kc6 54. Kf4 Kd5 55. b5 Kd6 56. bxa6 Kd7 57. a7 Kc6 58. a8=Q+ Kd6 59.
Qb7 Ke6 {Hossa resigns} 1-0

[Event "ICS rated standard match"]
[Site "204.178.125.65"]
[Date "2000.05.24"]
[Round "?"]
[White "Hossa"]
[Black "jeffry2k"]
[Result "1-0"]
[WhiteElo "2309"]
[BlackElo "2052"]
[PlyCount "65"]
[EventDate "2000.??.??"]

1. e4 c5 2. Nf3 d6 3. d4 cxd4 4. Nxd4 Nf6 5. Nc3 g6 6. Be2 Bg7 7. Be3 Nc6 8.
O-O O-O 9. Qd2 Ng4 10. Nxc6 bxc6 11. Bxg4 Bxg4 12. Rab1 Be6 13. Bh6 Bxh6 14.
Qxh6 Qa5 15. a3 Rab8 16. Rfe1 d5 17. Qe3 Rfd8 18. exd5 cxd5 19. Red1 Qb6 20.
Qh6 d4 21. Ne4 f6 22. b4 Bf5 23. Re1 e5 24. Rb2 Rbc8 25. a4 Qb7 26. Nxf6+ Kh8
27. Rxe5 Rxc2 28. Rxc2 Bxc2 29. Rd5 Rg8 30. Rd7 Qxd7 31. Nxd7 Re8 32. f3 d3 33.
Nf6 {jeffry2k resigns} 1-0

[Event "ICS rated standard match"]
[Site "204.178.125.65"]
[Date "2000.05.24"]
[Round "?"]
[White "PostModernist"]
[Black "Hossa"]
[Result "1-0"]
[WhiteElo "2394"]
[BlackElo "2356"]
[PlyCount "89"]
[EventDate "2000.??.??"]

1. d4 Nf6 2. c4 g6 3. Nc3 Bg7 4. Nf3 d6 5. e4 Bg4 6. Be2 Nbd7 7. O-O e5 8. d5
Nc5 9. Ng5 Bxe2 10. Qxe2 a5 11. Be3 h6 12. Bxc5 hxg5 13. Be3 Nd7 14. Qg4 Bf6
15. Rfe1 Be7 16. Qf3 Bf8 17. a3 f6 18. b4 Bg7 19. c5 Bf8 20. c6 bxc6 21. dxc6
Nb8 22. Nd5 Bg7 23. b5 Kf7 24. Rac1 g4 25. Qe2 g3 26. fxg3 Bh6 27. Bxh6 Rxh6
28. b6 Nxc6 29. Nxc7 Nd4 30. Qa2+ Kf8 31. Nxa8 Qxa8 32. Rc7 d5 33. b7 Qa7 34.
Kh1 Qb6 35. Rc8+ Ke7 36. b8=Q Qxb8 37. Rxb8 Nf3 38. gxf3 f5 39. Qxd5 Rxh2+ 40.
Kxh2 Kf6 41. Qd6+ Kf7 42. Qf8+ Ke6 43. Rb6+ Kd7 44. Rd1+ Kc7 45. Qc5# {
Hossa checkmated} 1-0